| 000 | 00552nam a2200181 i 4500 | ||
|---|---|---|---|
| 001 | 38729 | ||
| 003 | ES-MaACL | ||
| 005 | 20230906155817.0 | ||
| 007 | t| | ||
| 008 | 030226s1970 sp ||||1| spa d | ||
| 100 | 1 |
_aCamp, Jean. _934101 |
|
| 245 | 1 | 4 |
_aLos jovenes de hoy... / _cJean Camp, Christian Chabanis ; traducción por Agustí Gil Lasierra. |
| 260 |
_aMadrid : _bStudium, _c[1970] |
||
| 300 |
_a163 p. ; _c18 cm. |
||
| 700 | 1 |
_aChabanis, Christian. _937717 |
|
| 700 | 1 |
_aGil Lasierra, Agustín. _956831 |
|
| 852 |
_aES-MaACL _jC-47651 _bR.75818 |
||
| 999 |
_c38729 _d38729 |
||